Statistiques concernant Culture Générale - Série 04

Cliquez ici pour prendre le quiz!

Statistiques générales

  • Ce quiz a été pris 1 894 fois
  • Le résultat moyen est 8 sur 10

Statistiques - réponses

QuestionRéponse% Correct
Combien de temps dure le mandat du président des États-Unis ?4 ans
98%
Quel grand musicien est né à Salzbourg (Autriche) le 27 janvier 1756 ?Mozart
93%
Dans quel pays peut-on admirer les lacs du Connemara ?Irlande
83%
En quelle année les femmes ont-elles exercé pour la première fois le droit de vote en France ?1945
82%
De quel pays la ville de Katmandou est-elle la capitale ?Népal
79%
Dans que ville peut-on visiter le musée du Prado ?:Madrid
77%
En quelle année la peine de mort a-t-elle été abolie en France ?1981
77%
Dans quel pays peut-on voir le monument mégalithique "le Stonehenge" ?Angleterre
74%
Quel peintre est également appelé Le Douanier ?Henri Rousseau
56%
Dans quelle ville la Cour Internationale de Justice a-t-elle son siège ?La Haye
51%

Distribution des résultats

Percentile par nombre de réponses

% des personnes avec chaque résultat

Votre développement - résultats

Vous n’avez pas pris ce quiz